00629nam a2200133Ia 4500008004100000040002900041050002700070100003300097245018500130260003400315942000700349952012200356999001700478230222s9999||||xx |||||||||||||| ||und|| cChuka University Library aTHE LB 1715 bN34 2015 aNchani, Eliphas Kirimi97441 0aSelected strategies to enhance pupils' performance in Kenya Certificate of Primary Education examination in public primary schools in Mikinduri Central division, Meru county, Kenya aChuka UniversitybChukac2015 cBK 001040708LGLaCHKbCHKcGENd2023-02-22l0oTHE LB 1715 .N34 2015p17583/2019r2023-02-22 00:00:00w2023-02-22yBK c12446d12446